[Event "14th Dubai Open 2012"]
[Site "Dubai UAE"]
[Date "2012.04.16"]
[Round "2.11"]
[White "Zhou Weiqi"]
[Black "Atabayev,M"]
[Result "1/2-1/2"]
[WhiteElo "2628"]
[BlackElo "2367"]

1.Nf3 Nf6 2.g3 c5 3.c4 b6 4.Bg2 Bb7 5.O-O e6 6.Nc3 Be7 7.d4 cxd4 8.Qxd4 O-O
9.Rd1 Qc8 10.Bg5 h6 11.Bxf6 Bxf6 12.Qf4 Bxc3 13.bxc3 Na6 14.Ne5 Bxg2 15.Kxg2 Nc5
16.Rd6 Qb7+ 17.f3 Rac8 18.Rad1 Rc7 19.h4 f6 20.Ng6 Rf7 21.h5 Qc8 22.Qd2 Nb7
23.Rd4 Na5 24.c5 bxc5 25.Ra4 Nc6 26.Qd6 Ne5 27.Nxe5 fxe5 28.g4 Rb7 29.Qxe5 Qc6
30.Re4 Rb2 31.Kg3 Rxa2 32.Rb1 Ra6 33.Rb8+ Kh7 34.Rc4 d5 35.Rf4 Rxf4 36.Kxf4 Qa4+
37.Kg3 Qd1 38.Rb7 Qg1+ 39.Kh3 Qf1+ 40.Kg3 Qg1+ 41.Kh3  1/2-1/2

[Event "TCh-CZE Extraliga 2011-12"]
[Site "Czech Republic CZE"]
[Date "2012.04.21"]
[Round "10.3"]
[White "Bindrich,F"]
[Black "Zhigalko,A"]
[Result "0-1"]
[WhiteElo "2548"]
[BlackElo "2555"]

1.Nf3 c5 2.c4 Nf6 3.g3 b6 4.Bg2 Bb7 5.O-O e6 6.d4 cxd4 7.Qxd4 Be7 8.Nc3 O-O
9.Rd1 d6 10.Nb5 Nc6 11.Qd3 Qb8 12.Nxd6 Rd8 13.Bf4 e5 14.Nxe5 Nxe5 15.Nxb7 Rxd3
16.exd3 Nh5 17.Re1 Nxf4 18.gxf4 Nxd3 19.Rxe7 Qxf4 20.Re2 Qg5  0-1

[Event "Norsk Sjakkfestival"]
[Site "Fagernes NOR"]
[Date "2012.04.29"]
[Round "2"]
[White "Stokke,K"]
[Black "Solodovnichenko,Y"]
[Result "0-1"]
[WhiteElo "2409"]
[BlackElo "2615"]

1.c4 Nf6 2.Nf3 c5 3.g3 b6 4.Bg2 Bb7 5.O-O e6 6.Nc3 Be7 7.Re1 d6 8.e4 Nbd7
9.d4 cxd4 10.Nxd4 Qc7 11.Ndb5 Qb8 12.Bf4 Ne5 13.b3 O-O 14.h3 a6 15.Nd4 Qa7
16.Be3 Rad8 17.f4 Qa8 18.Bf2 Rfe8 19.Qe2 Ned7 20.Kh2 Bf8 21.Bg1 e5 22.fxe5 Rxe5
23.Qc2 b5 24.cxb5 Rc8 25.Qb2 Nc5 26.Rad1 axb5 27.Ndxb5 Ncxe4 28.Nxe4 Nxe4
29.a4 Rg5 30.Rd3 d5 31.Rf3 Ba6 32.Be3 Rg6 33.Nd4 Bb4 34.Rc1 Re8 35.Nf5 Bc8
36.Qd4 Ba3 37.Rc7 Bxf5 38.Rxf5 Bd6 39.Ra7 Qd8 40.Bxe4 Qh4  0-1

[Event "Nakhchivan Open 2012"]
[Site "Nakhchivan AZE"]
[Date "2012.05.04"]
[Round "7.9"]
[White "Azaladze,S"]
[Black "Durarbayli,V"]
[Result "1/2-1/2"]
[WhiteElo "2419"]
[BlackElo "2543"]

1.Nf3 Nf6 2.c4 b6 3.g3 Bb7 4.Bg2 c5 5.O-O e6 6.Nc3 d6 7.d4 cxd4 8.Qxd4 a6
9.Bg5 Nbd7 10.Nd2 Bxg2 11.Kxg2 h6 12.Bxf6 Qxf6 13.Qe3 Qg5 14.f4 Qc5 15.Qf3 Rc8
16.Rad1 Be7 17.Nde4 Qc6 18.Rd3 f5 19.Nxd6+ Bxd6 20.Rfd1 Qxf3+ 21.exf3 Bxf4
22.Rxd7 Be5 23.Na4 Rxc4 24.Rd8+ Kf7 25.R1d7+ Kg6 26.Rxh8 Rxa4 27.Re8 Bxb2
28.Rxe6+ Bf6 29.Rxb6 Rxa2+ 30.Kh3 Ra3 31.f4 h5 32.Ra7 h4 33.Raxa6 Rxa6 34.Rxa6 hxg3
35.hxg3 Kf7 36.Kg2 g6 37.Kf3 Bd4 38.Rc6 Kg7 39.Ke2 Kf7 40.Rc2 Bf6 41.Rc7+ Ke6
42.Rc6+ Kf7 43.Kd3 Bb2 44.Kc4 Bf6 45.Kd5 Bb2 46.Rc8 Ke7 47.Rb8 Bc3 48.Rb7+ Kf6
49.Rb3 Be1 50.Rb6+ Kf7 51.Ke5 Bxg3 52.Rb7+ Kg8 53.Rb3 Bh4 54.Rh3 Bd8 55.Ke6 Bc7
56.Kf6 Bxf4 57.Kxg6 Kf8 58.Kxf5 Bc1 59.Rh7 Bb2 60.Ke6 Bc3 61.Rf7+ Kg8 62.Rf3 Bb2
63.Ke7 Kg7 64.Rg3+ Kh6 65.Ke6 Kh5 66.Rg2 Bc3 67.Kf5 Kh6  1/2-1/2

[Event "4th Limpedea Cup"]
[Site "Baia Sprie ROU"]
[Date "2012.05.22"]
[Round "2.3"]
[White "Fodor,T jr"]
[Black "Chirila,I"]
[Result "1/2-1/2"]
[WhiteElo "2502"]
[BlackElo "2521"]

1.Nf3 Nf6 2.c4 c5 3.g3 b6 4.Bg2 Bb7 5.O-O e6 6.d4 cxd4 7.Qxd4 Be7 8.Rd1 d6
9.Nc3 a6 10.b3 Nbd7 11.Bb2 O-O 12.Rac1 Qc7 13.Bh3 Ne5 14.Ne1 Rfd8 15.Na4 Ned7
16.Qe3 Nc5 17.Nc3 Nfe4 18.b4 Nxc3 19.Bxc3 Na4 20.Ba1 a5 21.a3 axb4 22.axb4 Bf8
23.Nd3 Qc6 24.f3 b5 25.cxb5 Qxb5 26.Rc7 Rd7 27.Rdc1 Nb6 28.R7c2 Rdd8 29.Bd4 Nd5
30.Qd2 e5 31.Bf2 e4 32.fxe4 Nf6 33.Bg2 Nxe4 34.Qf4 Ng5 35.Qc4 Qd7  1/2-1/2

[Event "Vlado Andriusaicio Rapid A 2012"]
[Site "Vilnius LTU"]
[Date "2012.05.27"]
[Round "7"]
[White "Laurusas,T"]
[Black "Labuckas,A"]
[Result "1-0"]
[WhiteElo "2410"]
[BlackElo "2312"]

1.c4 e6 2.Nf3 Nf6 3.g3 b6 4.Bg2 Bb7 5.O-O c5 6.Nc3 Be7 7.Re1 O-O 8.e4 d6
9.d4 cxd4 10.Nxd4 Qc8 11.Be3 a6 12.Rc1 Nbd7 13.h3 Qc7 14.b3 Nc5 15.Qc2 Rac8
16.Qb1 Qb8 17.Rcd1 Qa8 18.Bc1 Rfe8 19.Bb2 Bf8 20.Re2 Ncd7 21.Re3 Qb8 22.Rde1 Ba8
23.Qd3 Ne5 24.Qe2 Ng6 25.Rd1 Nd7 26.Red3 Nde5 27.Re3 Nc6 28.Nc2 Na7 29.a4 Nc6
30.Ba3 Na5 31.Nb1 Nc6 32.Red3 b5 33.axb5 axb5 34.Bxd6 Bxd6 35.Rxd6 bxc4 36.bxc4 Nce5
37.Ne3 Qb4 38.R6d4 Nc6 39.R4d2 Rb8 40.Ra2 Qb3 41.Ra3 Qb4 42.Qa2 Qe7 43.Nc3 Nb4
44.Qa1 Nc6 45.Nb5 Rf8 46.Kh2 Nge5 47.f4 Ng6 48.e5 f6 49.exf6 gxf6 50.f5 Nge5
51.fxe6 Kh8 52.Bd5 Qg7 53.Nd6 Qh6 54.Nef5 Qg6 55.Qc1 Nb4 56.e7 Bxd5 57.exf8=Q+ Rxf8
58.cxd5 Rg8 59.Qh6 Qxh6 60.Nxh6 Rb8 61.Nhf7+ Nxf7 62.Nxf7+ Kg7 63.Ra7 Nc2
64.Ne5+ Kh6 65.Ng4+ Kg5 66.Rg7+ Kf5 67.Rf1+ Ke4 68.Nxf6+ Kd3 69.d6 Ne3 70.Rf2 Nd1
71.Ra2 Nc3 72.Rg2  1-0

[Event "6th ENCI Limburg Open 2012"]
[Site "Limburg NED"]
[Date "2012.05.28"]
[Round "6.1"]
[White "Ernst,S"]
[Black "Solodovnichenko,Y"]
[Result "1/2-1/2"]
[WhiteElo "2554"]
[BlackElo "2570"]

1.Nf3 c5 2.c4 Nf6 3.g3 b6 4.Bg2 Bb7 5.O-O e6 6.Nc3 Be7 7.d4 cxd4 8.Qxd4 d6
9.Bg5 O-O 10.Bxf6 Bxf6 11.Qd3 Na6 12.Rfd1 Nc5 13.Qc2 Qe7 14.Rac1 Rfd8 15.b4 Nd7
16.Ne4 d5 17.Nxf6+ Nxf6 18.c5 Rac8 19.Nd4 bxc5 20.bxc5 Bc6 21.Rd3 Be8 22.f4 Bc6
23.Qd2 Rd7 24.Qa5 Rdc7 25.Rdc3 h5 26.Bf3 g6 27.Kg2 Kh7 28.R3c2 Kg8 29.Qb4 Rb7
30.Qc3 Rbc7 31.Qe3 Qf8 32.Rc3 Qg7 33.Kf2 Nd7 34.h3 Qf6 35.Kg2 Rb8 36.Ra3 Rbc8
37.Kf2 Kg7 38.Ra6 Nb8 39.Ra5 Nd7 40.Kg2 Kg8 41.Rc3 Qg7 42.Kf2 Qf6 43.Rca3 h4
44.g4 e5 45.fxe5 Nxe5 46.g5 Qg7 47.Nxc6 Nxc6 48.R5a4 d4 49.Qf4 Qe5 50.Qxe5 Nxe5
51.Rxd4 Nxf3 52.Kxf3 Rxc5 53.Rxa7 Rxg5 54.Rxh4 Rc3+ 55.e3 Re5 56.Re4 Rxe4
57.Kxe4 Rc4+ 58.Ke5 Rh4 59.a4 Rxh3 60.e4 Kg7 61.a5 Ra3 62.a6 g5 63.Kf5 Ra5+
64.Kg4 Kf6 65.Ra8 Ra4 66.Kf3 Ra3+ 67.Kg4 Ra4 68.Kf3 Ra3+  1/2-1/2

[Event "Albena Masters Open 2012"]
[Site "Albena BUL"]
[Date "2012.05.29"]
[Round "4.33"]
[White "Radulov,I"]
[Black "Abdulla,K"]
[Result "0-1"]
[WhiteElo "2309"]
[BlackElo "2216"]

1.Nf3 Nf6 2.g3 b6 3.Bg2 Bb7 4.O-O c5 5.c4 e6 6.Nc3 Be7 7.e3 O-O 8.d4 d6 9.d5 exd5
10.cxd5 b5 11.Nh4 b4 12.Ne2 Re8 13.e4 Nxe4 14.Bxe4 Bxh4 15.Qc2 Bf6 16.Bxh7+ Kh8
17.Be4 Qe7 18.Bf3 Nd7 19.Bd2 Qe5 20.b3 Bxd5 21.Bf4 Qe6 22.Bxd5 Qxd5 23.Rad1 Qf3
24.Nc1 d5 25.Qf5 Ne5  0-1

[Event "11th TCh-BIH Premier"]
[Site "Jahorina BIH"]
[Date "2012.06.10"]
[Round "9.3"]
[White "Muratovic,Ef"]
[Black "Jakovljevic,Vlado"]
[Result "0-1"]
[WhiteElo "2312"]
[BlackElo "2399"]

1.Nf3 c5 2.c4 Nf6 3.g3 b6 4.Bg2 Bb7 5.O-O e6 6.Nc3 Be7 7.Re1 Ne4 8.Nxe4 Bxe4
9.d3 Bb7 10.e4 Nc6 11.d4 Nxd4 12.Nxd4 cxd4 13.Qxd4 O-O 14.b3 Bc5 15.Qd3 Qc7
16.Be3 Rfd8 17.Rad1 d6 18.Re2 Bc6 19.Qc3 a5 20.Bg5 Rd7 21.Qf3 Rf8 22.Qg4 Kh8
23.h4 Qb7 24.h5 h6 25.Bc1 Re7 26.Bb2 f5 27.Qh3 fxe4 28.Qh4 Ref7 29.Bd4 Bxd4
30.Rxd4 d5 31.Qg4 Qe7 32.Rc2 Bb7 33.Rdd2 Rf5 34.Bh3 dxc4 35.Rxc4 Bd5 36.Rc3 Qb4
37.Rdc2 Qd4 38.Qe2 Rxf2  0-1

[Event "16th Voronezh Master Open"]
[Site "Voronezh RUS"]
[Date "2012.06.12"]
[Round "1.27"]
[White "Goganov,A"]
[Black "Faizrakhmanov,Ramil"]
[Result "1/2-1/2"]
[WhiteElo "2523"]
[BlackElo "2243"]

1.c4 c5 2.Nf3 Nf6 3.g3 b6 4.Bg2 Bb7 5.O-O e6 6.Nc3 Be7 7.d4 cxd4 8.Qxd4 d6
9.Bg5 a6 10.Bxf6 Bxf6 11.Qf4 O-O 12.Rfd1 Be7 13.Ne4 Bxe4 14.Qxe4 Ra7 15.Nd4 Rc7
16.b3 Rc5 17.Qb7 Qc7 18.Qxc7 Rxc7 19.e3 g6 20.Rd2 Rfc8 21.a4 Nd7 22.a5 bxa5
23.Rxa5 d5 24.Rxa6 dxc4 25.Nb5 c3 26.Rc2 Rc5 27.Na7 R8c7 28.b4 Rc4 29.Nb5 Rc8
30.Ra7 Rd8 31.Nd4 Bxb4 32.Nc6 Rxc6 33.Bxc6 Ne5 34.Be4 f5 35.Ra8 Rxa8 36.Bxa8 Nc4
37.Kf1 Na3 38.Rc1 c2 39.Ke2 Bc3 40.Kd3 Bb2 41.Rxc2  1/2-1/2

[Event "16th Voronezh Master Open"]
[Site "Voronezh RUS"]
[Date "2012.06.13"]
[Round "2.11"]
[White "Sharafiev,A"]
[Black "Zakhartsov,Vi"]
[Result "1/2-1/2"]
[WhiteElo "2410"]
[BlackElo "2562"]

1.Nf3 Nf6 2.c4 b6 3.g3 c5 4.Bg2 Bb7 5.O-O e6 6.Nc3 Be7 7.d4 cxd4 8.Qxd4 d6
9.Rd1 a6 10.b3 Nbd7 11.e4 Qc7 12.Ba3 Nc5 13.e5 dxe5 14.Qxe5 Rc8 15.Bxc5 Bxc5
16.Qxc7 Rxc7 17.Na4 Ke7 18.Ne5 Bxg2 19.Kxg2 Ba3 20.Rd3 b5 21.Nc3 Bb2 22.Rb1 bxc4
23.Nxc4 Bxc3 24.Rxc3 Rd8 25.Rcc1 Rdc8 26.Rd1 Nd5 27.Rd2 Rc5 28.Re1 R8c7 29.Ne3 Nxe3+
30.Rxe3 a5 31.Re4 h5 32.h4 g6 33.Kf3 Rc3+ 34.Re3 R3c5 35.Re4 Rc3+ 36.Ke2 R7c5
37.Red4 Kf6 38.Ra4 Ke7 39.Rad4 Kf6 40.Rf4+ Ke7  1/2-1/2

[Event "16th Voronezh Master Open"]
[Site "Voronezh RUS"]
[Date "2012.06.16"]
[Round "5.24"]
[White "Pavlov,S2"]
[Black "Rodin,D"]
[Result "1-0"]
[WhiteElo "2460"]
[BlackElo "2353"]

1.c4 Nf6 2.Nf3 e6 3.g3 b6 4.Bg2 Bb7 5.O-O c5 6.Nc3 Be7 7.Re1 d5 8.cxd5 exd5
9.d4 O-O 10.Bf4 Nbd7 11.Rc1 Nh5 12.Be3 Nhf6 13.Bh3 Re8 14.Qc2 Bf8 15.Bf4 a6
16.Bg5 Be7 17.Rcd1 h6 18.Bc1 Qc7 19.Bf4 Bd6 20.Qc1 Rad8 21.b3 Bxf4 22.Qxf4 Qc6
23.Bg2 Qe6 24.Rc1 Rc8 25.Qd2 Ne4 26.Qb2 cxd4 27.Nxd4 Qf6 28.e3 Ndc5 29.Red1 a5
30.Rc2 Rcd8 31.b4 axb4 32.Qxb4 Ba6 33.Ncb5 Bc8 34.Qb2 Bg4 35.f3 Bh5 36.g4 Qg5
37.Re2 Bxg4 38.fxg4 Qxg4 39.Nf3 Re6 40.Nbd4 Rf6 41.Qc2 Re8 42.Rf1 h5 43.Nd2 Rxf1+
44.Kxf1 h4 45.Bf3 Qh3+ 46.Kg1 Re5 47.Bg2 Qg4 48.Nxe4 dxe4 49.h3 Qg3 50.Kh1 Nd3
51.Nf5 Qg5 52.Qc8+ Kh7 53.Nd6 Qg6 54.Qd8 Qh5 55.Rd2 f5 56.Qf8 Ra5 57.Nxf5 Qg5
58.Qe7  1-0

[Event "Stockholm Master Open 2012"]
[Site "Stockholm SWE"]
[Date "2012.06.30"]
[Round "4.13"]
[White "Wenzel,B"]
[Black "Aroven,M"]
[Result "1-0"]
[WhiteElo "2038"]
[BlackElo "2138"]

1.Nf3 c5 2.c4 b6 3.g3 Bb7 4.Bg2 e6 5.O-O Nf6 6.Nc3 Be7 7.d4 cxd4 8.Qxd4 Nc6
9.Qd2 O-O 10.Rd1 a6 11.b3 Qc7 12.Bb2 Rac8 13.Rac1 Rfd8 14.e4 d6 15.Qe2 h6
16.Nd5 exd5 17.cxd5 Qd7 18.dxc6 Rxc6 19.Ne5 Rxc1 20.Nxd7 Rxd1+ 21.Qxd1 Nxd7
22.f4 Nf6 23.Qe2 d5 24.Bxf6 Bxf6 25.exd5 Bd4+ 26.Kf1 a5 27.Bf3 Bc5 28.Kg2 Bc8
29.g4 Bd7 30.Be4 Bd6 31.Qf3 Rc8 32.g5 Rc1 33.Qe3 Rc5 34.gxh6 gxh6 35.Qg3+ Kf8
36.Qh4 Rc8 37.Qxh6+ Ke7 38.Qg5+ f6 39.Qg7+ Kd8 40.Qxf6+ Kc7 41.Bf5 Rf8 42.Qc3+ Bc5
43.Bxd7 Kxd7 44.Qg7+ Be7 45.Kf3 Rf6 46.h4 Rd6 47.Ke4 Ke8 48.h5 Bf8 49.Qe5+ Kf7
50.Qf5+ Kg7 51.Ke5 Be7 52.Qg4+ Kf7 53.f5 Rf6 54.Qc4 Bd6+ 55.Ke4 Rh6 56.Qc8 Rf6
57.Qb7+ Be7 58.Ke5 Rh6 59.Qd7 Kf8 60.d6  1-0

[Event "40th TCh-GRE 2012"]
[Site "Achaea GRE"]
[Date "2012.07.01"]
[Round "3.5"]
[White "Hatzis-Bakratsas,Alexandros"]
[Black "Korniotis,F"]
[Result "1/2-1/2"]
[WhiteElo "1779"]
[BlackElo "1863"]

1.Nf3 c5 2.c4 Nf6 3.g3 b6 4.Bg2 Bb7 5.O-O e6 6.d4 d6 7.Nc3 Be7 8.Bg5 Nbd7
9.d5 e5 10.Nd2 h6 11.Bxf6 Nxf6 12.f4 Ng4 13.Rf3 O-O 14.h3 Nf6 15.fxe5 dxe5
16.Qc2 Nd7 17.Rf2 Rb8 18.Raf1 Bg5 19.Rf3 Bxd2 20.Qxd2 Ba6 21.Qd3 Qe8 22.e4 Nf6
23.a4 Bc8 24.R1f2 Bd7 25.b3 a6 26.Bf1 Nh7 27.g4 Ng5 28.Rg3 f6 29.Qe3 Qe7
30.Rd2 Qd6 31.Bd3 Nf7 32.Rf2 Nh8 33.Ra2 Ng6 34.Rgg2 Nf4 35.Rgb2 Qc7 36.Ne2 Rfe8
37.Ra1 h5 38.Qf3 hxg4 39.hxg4 Nxd3 40.Qxd3 Bxg4 41.Ng3 Qd7 42.Rf1 b5 43.Ra2 bxc4
44.Qxc4 Qd6 45.Rg2 Rb4 46.Qc2 Qb6 47.Qf2 Rxb3 48.Nf5 Bxf5 49.Qxf5 c4+ 50.Kh2 Rb2
51.Rff2 Rxf2 52.Rxf2 c3 53.Rg2 Qd6 54.Qg4 g5 55.Qf3 Kg7 56.Qxc3 Rh8+ 57.Kg3 Qd7
58.Rh2 Rc8 59.Qb3 Qc7 60.Rd2 Qc3+ 61.Qxc3 Rxc3+ 62.Kg4 Kf7 63.d6 Rc8 64.d7 Rd8
65.Rd6 Ke7 66.Rxa6 Rxd7 67.Kf5 Rd6 68.Ra7+ Kd8 69.a5 Kc8 70.Rg7 Kb8 71.Re7 Rc6
72.Rg7 Rc7 73.Rg8+ Rc8 74.Rg7 Rc6 75.Rf7 Ra6 76.Rg7 Kc8 77.Rh7 Kd8 78.Rf7  1/2-1/2

[Event "Mulhouse IM 2012"]
[Site "Mulhouse FRA"]
[Date "2012.07.02"]
[Round "1.2"]
[White "Paci,C"]
[Black "Genov,Peta"]
[Result "1/2-1/2"]
[WhiteElo "2357"]
[BlackElo "2463"]

1.Nf3 Nf6 2.c4 b6 3.g3 c5 4.Bg2 Bb7 5.O-O e6 6.Nc3 a6 7.Re1 d6 8.e4 Nbd7
9.d4 cxd4 10.Nxd4 Qc7 11.Be3 Rc8 12.Rc1 Qb8 13.b3 Be7 14.f4 O-O 15.g4 Qa8
16.Bf2 g6 17.g5 Nh5 18.Qg4 Rc7 19.a4 Qd8 20.Rcd1 e5  1/2-1/2

[Event "Stockholm Master Open 2012"]
[Site "Stockholm SWE"]
[Date "2012.07.04"]
[Round "9.9"]
[White "Cederstam-Barsk,Carl"]
[Black "Wenzel,B"]
[Result "1-0"]
[WhiteElo "2168"]
[BlackElo "2038"]

1.Nf3 Nf6 2.c4 e6 3.g3 b6 4.Bg2 Bb7 5.O-O c5 6.Nc3 Be7 7.d4 cxd4 8.Qxd4 d6
9.Bg5 a6 10.Bxf6 Bxf6 11.Qf4 Bxf3 12.Qxf3 Ra7 13.Rfd1 O-O 14.Rd2 Rd7 15.Rc1 Qc7
16.b3 Rc8 17.a4 h6 18.h3 Be7 19.Rdc2 Qd8 20.Qd3 Nc6 21.Bxc6 Rxc6 22.e4 Qc8
23.Rd1 Rcc7 24.Kh2 Bf6 25.Rdc1 Bxc3 26.Rxc3 a5 27.Qd4 Rc5 28.Rd1 f6 29.Rcd3 Qf8
30.Qc3 Kf7 31.b4 axb4 32.Qxb4 Qd8 33.a5 Rxa5 34.Rxd6 Rxd6 35.Rxd6 Qc7 36.Rxb6 Qc5
37.Rb7+ Kg6 38.Qxc5 Rxc5 39.Rb4 Kf7 40.Kg2 Ke7 41.Kf3 Kd6 42.Rb6+ Kd7 43.Rb7+ Kd6
44.Rxg7 Rxc4 45.Kf4 f5 46.f3 fxe4 47.fxe4 Rc5 48.h4 Rc1 49.Rg6 Rf1+ 50.Kg4 Ke5
51.Kh5 Re1 52.Kxh6 Rxe4 53.Kg5 Kd4 54.h5 Re3 55.Kf6 e5 56.h6  1-0

[Event "40th TCh-GRE 2012"]
[Site "Achaea GRE"]
[Date "2012.07.05"]
[Round "7.6"]
[White "Malikentzos,S"]
[Black "Mastrovasilis,A"]
[Result "0-1"]
[WhiteElo "2324"]
[BlackElo "2537"]

1.Nf3 Nf6 2.c4 b6 3.g3 Bb7 4.Bg2 e6 5.O-O c5 6.b3 Be7 7.Bb2 O-O 8.Nc3 Nc6
9.e3 a6 10.Qe2 Re8 11.Rfd1 Ra7 12.d4 cxd4 13.exd4 d5 14.Ne5 Na5 15.Bh3 Bf8
16.Rac1 Ba8 17.c5 bxc5 18.dxc5 Nc6 19.Na4 Nxe5 20.Bxe5 Nd7 21.Bd4 e5 22.Bb2 d4
23.c6 Nb8 24.Bg2 Rc7 25.Nc5 Nxc6 26.Nxa6 Rc8 27.a3 Qb6 28.b4 Rcd8 29.b5 d3
30.Qd2 Nd4 31.Bxd4 Rxd4 32.Nc7 Bxg2 33.Nxe8 Bf3 34.Qe3 Bxd1 35.Rxd1 Qxb5
36.Nc7 Qb3 37.Qd2 Bxa3 38.Re1 Qc2 39.Qa5 d2  0-1

[Event "35th Barbera Open A"]
[Site "Barbera del Valles ESP"]
[Date "2012.07.06"]
[Round "3.36"]
[White "Moreto Quintana,A"]
[Black "Mamedjarova,Z"]
[Result "0-1"]
[WhiteElo "2166"]
[BlackElo "2307"]

1.Nf3 Nf6 2.c4 e6 3.g3 b6 4.Bg2 Bb7 5.O-O c5 6.Nc3 Be7 7.d4 cxd4 8.Qxd4 O-O
9.b3 d5 10.Bb2 Nc6 11.Qf4 dxc4 12.Qxc4 Rc8 13.Rfd1 Qc7 14.Ng5 Qb8 15.Bh3 h6
16.Nxf7 Nd8 17.Nxh6+ gxh6 18.Qh4 Kh7 19.Nb5 Bc6 20.Nd4 Ba8 21.Nxe6 Nxe6 22.Bf5+ Kg7
23.Bxe6 Qb7 24.f3 Rcd8 25.Kg2 Kg6 26.g4 Qa6 27.Bf5+ Kf7 28.Bd3 Qc8 29.Rac1 Qxg4+
30.Qxg4 Nxg4 31.Bc4+ Kg6 32.Rxd8 Rxd8 33.Bd3+ Kf7 34.Rc7 Ne3+ 35.Kh3 Bd5
36.Ba3 Be6+ 37.Kg3 Rd7 38.Rxd7 Bxd7 39.Bc1 Bc5 40.Kf4 Nd5+ 41.Ke5 Nb4 42.Bc4+ Ke7
43.a3 Nc6+ 44.Ke4 Na5 45.Bd5 Kf6 46.Kd3 Nc6 47.b4 Bf8 48.e4 Ne7 49.Bc4 Bh3
50.Ke3 h5 51.Bb2+ Kg6 52.Bb5 Bh6+ 53.f4 Kf7 54.Be5 Bc8 55.a4 Ng6 56.Bb8 Ke7
57.Be2 Bg4 58.Bc4 h4 59.a5 Kd8 60.Bf7 Kc8 61.Bd6 Nf8 62.axb6 axb6 63.h3 Bxh3
64.Be7 Ne6 65.Bxe6+ Bxe6 66.Bxh4 Kd7 67.Bg3 Kc6 68.Kd4 Kb5 69.f5 Bc8 70.Be1 Bg7+
71.Kd5 Bb7+ 72.Ke6 Bxe4 73.f6 Bf8 74.f7 Bg6 75.Kf6 Bh5 76.Bf2 Kc6 77.Be1 b5
78.Bd2 Kd5 79.Bc3 Kc4 80.Bd2 Kd3 81.Be1 Bf3 82.Ke6 Bg4+ 83.Kf6 Bd7 84.Ke5 Ke2
85.Bc3 Kd3 86.Be1 Bg4 87.Kf6 Bf3 88.Ke6 Kc4 89.Kd7 Bh5 90.Ke6 Bxb4 91.Bg3 Bf8
92.Be1 b4 93.Bxb4 Kxb4 94.Kd5 Bxf7+ 95.Kd4 Kb5 96.Kd3 Kc5 97.Ke4 Kc4 98.Ke3 Bd5
99.Ke2 Bc5 100.Kd2 Bf3 101.Kc2 Bb4 102.Kb2 Bd1 103.Kc1 Ba4 104.Kb2 Kd3 105.Kc1 Kc3
106.Kb1 Kb3 107.Kc1 Ka3 108.Kb1 Bd2 109.Ka1 Bc6  0-1

[Event "Mulhouse IM 2012"]
[Site "Mulhouse FRA"]
[Date "2012.07.06"]
[Round "6.4"]
[White "Paci,C"]
[Black "Lutz,B"]
[Result "0-1"]
[WhiteElo "2357"]
[BlackElo "2310"]

1.Nf3 Nf6 2.c4 b6 3.g3 Bb7 4.Bg2 c5 5.O-O e6 6.Nc3 Be7 7.Re1 a6 8.e4 d6 9.d4 cxd4
10.Nxd4 Qc7 11.Be3 Nbd7 12.Rc1 O-O 13.f4 Rfe8 14.Nd5 exd5 15.cxd5 Qb8 16.Nc6 Bxc6
17.dxc6 Nc5 18.c7 Qc8 19.e5 dxe5 20.Bxa8 Qxa8 21.b4 Ncd7 22.Bf2 Bxb4 23.Re2 e4
24.g4 Bc5 25.Bxc5 Nxc5 26.Qd6 Qc8 27.Qxb6 Nd3 28.Rf1 Nd5 29.Qd6 Nxc7 30.Rc2 Qxg4+
31.Rg2 Nb5 32.Qxa6 Qd7 33.f5 Nd4 34.Kh1 Nf3 35.Qf6 Nf2+  0-1

[Event "ch-MNE 2012"]
[Site "Cetinje MNE"]
[Date "2012.07.07"]
[Round "1.1"]
[White "Pajkovic,V"]
[Black "Kisic,B"]
[Result "1-0"]
[WhiteElo "2421"]
[BlackElo "2054"]

1.Nf3 Nf6 2.c4 e6 3.g3 b6 4.Bg2 Bb7 5.O-O c5 6.Nc3 Nc6 7.d4 Nxd4 8.Nxd4 Bxg2
9.Kxg2 cxd4 10.Qxd4 Be7 11.Bf4 d6 12.Qd3 O-O 13.Rfd1 Qc8 14.Rac1 Rd8 15.Qf3 h6
16.Nb5 e5 17.Bd2 a6 18.Nc3 Qxc4 19.Bxh6 Qe6 20.Bg5 e4 21.Qf4 d5 22.Rd4 Bc5
23.Bxf6 gxf6 24.Rdd1 Bf8 25.e3 Bd6 26.Qh6 Be5 27.Ne2 f5 28.Qg5+ Qg6 29.Qxg6+ fxg6
30.Rc6 Rab8 31.Rxg6+ Kf7 32.Rc6 Bxb2 33.Rb1 Be5 34.Rbxb6 a5 35.a4 Rxb6 36.Rxb6 Rc8
37.Rb5 Rc2 38.Kf1 Ra2 39.Rxd5 Ra1+ 40.Kg2  1-0

[Event "7th Wroclaw Open A"]
[Site "Wroclaw POL"]
[Date "2012.07.08"]
[Round "7.7"]
[White "Paszewski,M"]
[Black "Kasparov,S"]
[Result "0-1"]
[WhiteElo "2028"]
[BlackElo "2493"]

1.c4 b6 2.Nf3 c5 3.g3 Bb7 4.Bg2 Nf6 5.O-O e6 6.Nc3 d6 7.b3 Be7 8.d4 cxd4
9.Nxd4 Bxg2 10.Kxg2 a6 11.e3 Qc8 12.Bb2 O-O 13.Rc1 Ra7 14.Qe2 Rc7 15.Rfd1 Nbd7
16.e4 Qb7 17.f3 Rfc8 18.Kg1 h6 19.Rc2 Ne5 20.Kg2 Nc6 21.Nxc6 Rxc6 22.Rcc1 Ne8
23.a4 Nf6 24.Qe3 R6c7 25.h4 Nd7 26.Ne2 Ne5 27.Ba3 Rd8 28.Nc3 Rcd7 29.Rc2 Nc6
30.Rcd2 Na5 31.Ne2 b5 32.Qc3 Nc6 33.axb5 axb5 34.cxb5 Qxb5 35.Qc4 Qb6 36.Nc1 d5
37.Qa4 Ra7 38.Bxe7 Re8 39.Qxa7 Qxa7 40.exd5 Nxe7 41.dxe6 fxe6 42.Re1 Nf5
43.Rde2 Nd4 44.Re5 Rc8 45.Ne2 Rc2 46.g4 Qf7 47.Re3 Qf4 48.Kf2 Rd2  0-1

[Event "35th Barbera Open A"]
[Site "Barbera del Valles ESP"]
[Date "2012.07.09"]
[Round "6.6"]
[White "Gonzalez Perez,A"]
[Black "Aroshidze,L"]
[Result "1-0"]
[WhiteElo "2452"]
[BlackElo "2580"]

1.Nf3 c5 2.c4 Nf6 3.g3 b6 4.Bg2 Bb7 5.O-O e6 6.b3 Be7 7.Bb2 O-O 8.Nc3 d6
9.d4 cxd4 10.Nxd4 Bxg2 11.Kxg2 Qc8 12.e3 Nc6 13.Nxc6 Qxc6+ 14.Qf3 Qc8 15.Rfd1 Rd8
16.Rd2 a6 17.Rad1 Ra7 18.Ne4 Ne8 19.a4 Qb8 20.Bd4 Rad7 21.Nc3 Rc7 22.e4 Rdc8
23.e5 Rc6 24.exd6 Bxd6 25.Ne4 Bb4 26.Bc3 Bxc3 27.Qxc3 b5 28.Rd7 bxa4 29.Qf3 f5
30.Qh5  1-0

[Event "35th Barbera Open A"]
[Site "Barbera del Valles ESP"]
[Date "2012.07.12"]
[Round "9.30"]
[White "Aranaz Murillo,A"]
[Black "Hernandez Moya,Y"]
[Result "1-0"]
[WhiteElo "2248"]
[BlackElo "2177"]

1.Nf3 e6 2.c4 Nf6 3.g3 b6 4.Bg2 Bb7 5.O-O c5 6.Nc3 Be7 7.d4 cxd4 8.Qxd4 Nc6
9.Qd1 d6 10.Bf4 O-O 11.Qd2 Nh5 12.Be3 f5 13.Nd4 Qd7 14.Nxe6 Rfe8 15.Qd5 Kh8
16.Qxf5 Nf6 17.Nd4 Qxf5 18.Nxf5 Na5 19.b3 Rad8 20.Bxb7 Nxb7 21.Nb5 Bf8 22.Nxa7 Nc5
23.Nc6 Rc8 24.Nb4 Re5 25.Nd4 Ng4 26.Bf4 Rh5 27.f3 Nxh2 28.Rf2  1-0

[Event "Turkish Bank Chess League 2012"]
[Site "Konya TUR"]
[Date "2012.07.12"]
[Round "2"]
[White "Arat,Uf"]
[Black "Sanal,V"]
[Result "0-1"]
[WhiteElo "2139"]
[BlackElo "2332"]

1.c4 Nf6 2.Nf3 e6 3.g3 b6 4.Bg2 Bb7 5.O-O c5 6.Nc3 Be7 7.d4 cxd4 8.Nxd4 Bxg2
9.Kxg2 O-O 10.e4 Qc7 11.Qd3 Na6 12.Re1 d6 13.b3 Nc5 14.Qe2 a6 15.Bb2 Rfe8
16.Rad1 Rad8 17.f4 g6 18.Qf3 Bf8 19.b4 Ncd7 20.e5 dxe5 21.fxe5 Nxe5 22.Rxe5 Rxd4
23.Rxd4 Qxe5 24.Nd1 Qf5 25.Rf4 Qc2+ 26.Kh3 Rd8 27.Bd4 Qd2 28.Bxf6 Rd3 29.Bc3 Qxd1
30.Qb7 Qh5+ 31.Kg2 g5 32.Rf3 Rxc3 33.Rxc3 Qe2+  0-1

[Event "ch-MNE 2012"]
[Site "Cetinje MNE"]
[Date "2012.07.15"]
[Round "8.3"]
[White "Pajkovic,V"]
[Black "Draskovic,L"]
[Result "1/2-1/2"]
[WhiteElo "2421"]
[BlackElo "2232"]

1.Nf3 Nf6 2.c4 b6 3.g3 c5 4.Bg2 Bb7 5.O-O e6 6.Nc3 a6 7.Re1 Be7 8.e4 d6 9.d4 cxd4
10.Nxd4 Qc7 11.Be3 O-O 12.Rc1 Nbd7 13.f4 Nc5 14.Bf2 Rac8 15.f5 e5 16.Nc2 Qb8
17.g4 h6 18.h4 Qa8 19.Qe2 Kh8 20.Nb4 a5 21.Nbd5 Nxd5 22.exd5 f6 23.Be3 Ba6
24.b3 Rc7 25.Rf1 Qe8 26.Rf3 g5 27.Rh3 Kg7 28.Kf2 Rh8 29.Rch1 Bd8 30.Bxc5 bxc5
31.Ne4 Qf8 32.Ke1 Rf7 33.Bf1 Kg8 34.hxg5 fxg5 35.Qh2 Rfh7 36.Bd3 Bf6 37.Qd2 Qd8
38.Rh5 Kg7 39.Kd1 Bc8 40.Bc2 Bb7 41.R1h3 Bc8 42.Qc1 Qc7 43.Ke2 Qe7 44.Qe1 Qd8
45.Rh2 Qc7 46.Qh1 Qe7 47.R5h3 Bd7 48.Qe1 Ra8 49.a4 Be8 50.Qh1 h5 51.gxh5 Rh6
52.Qg1 Bf7 53.Ke1 Rg8 54.Bd1 Kf8 55.Qe3 Qd7 56.Bg4 Ke7 57.Rg2 Qb7 58.Qd2 Qb4
59.Qxb4 axb4 60.Rhg3 Be8 61.Ra2 Bd7 62.Rg1 Ra8 63.Kd2 Be8 64.Ke3 Bd7 65.Rf2 Be8
66.Rfg2 Bd7 67.Rf2 Be8 68.Bd1 Bf7 69.Bg4 Be8  1/2-1/2

[Event "112th ch-SUI 2012"]
[Site "Flims SUI"]
[Date "2012.07.15"]
[Round "4.5"]
[White "Gerber,R"]
[Black "Pelletier,Y"]
[Result "0-1"]
[WhiteElo "2407"]
[BlackElo "2599"]

1.Nf3 Nf6 2.c4 b6 3.g3 c5 4.Bg2 Bb7 5.O-O e6 6.Nc3 d6 7.Re1 Nbd7 8.e4 Rc8
9.b3 a6 10.Bb2 Be7 11.d4 cxd4 12.Nxd4 Qc7 13.Nd5 exd5 14.exd5 Kf8 15.Nf5 Re8
16.Qd2 h6 17.Qf4 Bc8 18.Rad1 Ne5 19.Rxe5 dxe5 20.Bxe5 Qd7 21.Bh3 Rh7 22.Nxe7 Qxh3
23.Nxc8 Qxc8 24.Bxf6 gxf6 25.Qd6+ Kg7 26.Qxb6 Qg4 27.Rf1 Re2 28.Qxa6 Qd4
29.a4 Rh8 30.Qb5 h5 31.h4 Rhe8 32.a5 R8e3 33.Qb8 Rf3 34.Qb6 Rxg3+  0-1

[Event "III Maravilhosa Open 2012"]
[Site "Laranjeiras BRA"]
[Date "2012.07.15"]
[Round "5.9"]
[White "De Carvalho,J"]
[Black "Galati,M"]
[Result "1/2-1/2"]
[WhiteElo "2187"]
[BlackElo "2134"]

1.c4 c5 2.Nf3 Nf6 3.g3 b6 4.Bg2 Bb7 5.O-O e6 6.Nc3 Be7 7.b3 O-O 8.Bb2 d5
9.cxd5 Nxd5 10.d4 Nd7 11.Na4 Bf6 12.Qd2 cxd4 13.Nxd4 Bxd4 14.Qxd4 Qf6 15.Qd2 Qe7
16.Rac1 Rac8 17.Rfd1 Rfd8 18.Rxc8 Rxc8 19.Rc1 Rxc1+ 20.Qxc1 N7f6 21.Ba3 Qd7
22.Nb2 Ba6 23.Bf3 Qc7 24.Qxc7 Nxc7 25.Bd6 Nb5 26.Nc4 Nxd6 27.Nxd6  1/2-1/2

[Event "ch-SUI Hauptturnier 1 2012"]
[Site "Flims SUI"]
[Date "2012.07.16"]
[Round "5"]
[White "Jurek,J"]
[Black "Marentini,M"]
[Result "1/2-1/2"]
[WhiteElo "2328"]
[BlackElo "2069"]

1.Nf3 c5 2.c4 Nf6 3.g3 b6 4.Bg2 Bb7 5.O-O e6 6.Nc3 d6 7.d4 cxd4 8.Qxd4 a6
9.b3 Nbd7 10.Rd1 Qc7 11.e4 Be7 12.Ba3 Nc5 13.e5 dxe5 14.Qxe5 Rc8 15.Qxc7 Rxc7
16.Ne5 Bxg2 17.Kxg2 Ncd7 18.Nxd7 Nxd7 19.Bxe7 Kxe7 20.Re1 Nf6 21.g4 g5 22.Rad1 Rd8
23.Rxd8 Kxd8 24.h3 b5 25.Rd1+ Ke7 26.Rc1 bxc4 27.Na4 Nd5 28.Rxc4 Rxc4 29.bxc4 Nb4
30.Nc5 a5 31.a4 Nc6 32.Nb7 Kd7 33.c5 Kc7 34.Nd6 Ne5 35.h4 gxh4 36.g5 Nd3
37.Nc4 Nxc5 38.Nxa5 Nxa4 39.Kh3 Nc3 40.Kxh4 Ne4 41.f4  1/2-1/2